• 首页
  • 本馆介绍
  • 公告通知
  • 最新文献
  • 馆藏检索
  • 电子资源
  • 读者导购
  • 参考咨询
  • 我的图书馆
  • 登录
  • 详细信息显示
  • 放入我的书架
  • 预约/预借图书
  • 作者相关作品
  • 分类相关作品
  • 丛书相关作品
  • 出版社相关作品

书目信息

  • 表格格式
  • 工作单格式
  • 卡片格式
题名:
排球教学训练指导
    
 
作者: 施达生...[等] 编著
分册:  
出版信息: 北京   人民体育出版社  1995.12
页数: 303页
开本: 20cm
丛书名:
单 册:
中图分类: G842.2
科图分类:
主题词: 排球运动-运动训练-体育教材-教学法
电子资源:
ISBN: 7-5009-1261-7
000 00541nam0 2200181 45
001 0006121547
005 20070709110355.51
010    @a7-5009-1261-7@dCNY12.00
100    @a20000612d1995 km y0chiy0120 ea
101    @achi
200 1  @a排球教学训练指导@f施达生...[等]编著@FShi Da Sheng...[Deng]Bian Zhu
210    @a北京@c人民体育出版社@d1995.12
215    @a303页@c插图@d20cm
606 0  @a排球运动-运动训练-体育教材-教学法
690    @aG842.2@v1
701    @a施达生...[等]@4编著
801    @aCN@bTSTC@c20070709
905    @dG842.2@e118@f1@b289087
    
    排球教学训练指导/施达生...[等]编著.-北京:人民体育出版社,1995.12
    303页:插图;20cm
    
    
    ISBN 7-5009-1261-7:CNY12.00
    
●
相关链接 在E读中查询图书 在五车中查询图书 在当当中查询图书 在豆瓣中查询图书


正题名:排球教学训练指导     索取号:G842.2/118         预约/预借

序号 登录号 条形码 馆藏地/架位号 状态 备注
1 0289087   002890875   密集书库/ [索取号:G842.2/118] 在馆    
2 0289088   002890884   第四借阅区/ [索取号:G842.2/118] 在馆    
3 0289089   002890893   密集书库/ [索取号:G842.2/118] 在馆    
4 0289090   002890900   密集书库/ [索取号:G842.2/118] 在馆    
5 0289091   002890919   第一样本阅览室/ [索取号:G842.2/118] 在馆    
6 0768654   207686547   第四借阅区/ [索取号:G842.2/118] 在馆    
唐山师范学院图书馆 欢迎您!
大连网信软件有限公司© 版权所有